Statistics for Salt In The Wound - boygenius (Lyrics)

Click here to take the quiz!

General Stats

  • This quiz has been taken 31 times
  • The average score is 155 of 188

Answer Stats

Answer% Correct
You
100%
you
100%
a
95%
But
95%
I
95%
in
95%
Like
95%
my
95%
on
95%
put
95%
salt
95%
the
95%
to
95%
wound
95%
and
89%
And
89%
don't
89%
I'm
89%
is
89%
me
89%
never
89%
say
89%
take
89%
are
84%
corner
84%
down
84%
for
84%
make
84%
of
84%
they
84%
They
84%
up
84%
What
84%
your
84%
All
79%
all
79%
cheek
79%
ending
79%
If
79%
It
79%
it
79%
kiss
79%
sleeve
79%
teeth
79%
this
79%
About
74%
add
74%
ask
74%
back
74%
believe
74%
Cain
74%
child
74%
injury
74%
insult
74%
magic
74%
minds
74%
side
74%
after
68%
butter
68%
decided
68%
eat
68%
finish
68%
gnashing
68%
hearts
68%
leaving
68%
line
68%
other
68%
own
68%
prison
68%
same
68%
secret
68%
silks
68%
sit
68%
taking
68%
Tied
68%
Trick
68%
trick
68%
unrelentingly
68%
what's
68%
haven't
63%
sing
63%
sound
63%
tried
63%
callin'
58%
heard
58%
name
58%
buy
53%
chains
53%
full
53%
mockingbirds
53%
Neck
53%
or
53%
sights
53%
willing
53%

Score Distribution

Percentile by Number Answered

Percent of People with Each Score

Your Score History

You have not taken this quiz